000 00842nam a2200217Ia 4500
001 15841
003 GE_BSU
008 181216s||||||||xx |||||||||||||| ||und||
040 _cGE_BSU
080 _a82-93
100 _aხახუტაშვილი, ანა
245 _aმოთხრობები
245 _cშეადგ., წინასიტყვ. და ლექსიკონი დაურთო ჯ. ჭანტურიამ. რედ.მ.ზუბადალაშვილი.მხ. ი.დივნაგორცევა-გრიგოლია
260 _aთბილისი
260 _bნაკადული
260 _c1984
300 _a215გვ. ; 21სმ
300 _eლექსიკონი: გვ. 209-214
653 _aმოთხრობები
942 _cBK
999 _c48938
_d48938